[Event "XVI. DBMM Schach"]
[Site "Dresden"]
[Date "2016.11.03"]
[Round "1.4"]
[White "Hartmann, Uwe"]
[Black "Riess, Bernhard"]
[Result "1/2-1/2"]
[WhiteElo "1964"]
[BlackElo "1567"]
[Annotator "br"]
[PlyCount "36"]
[EventDate "2016.11.??"]
[SourceTitle "XVI. DBMM 2016"]
[Source "FV Schach e.V."]
[SourceDate "2017.06.14"]
[SourceVersion "1"]
[SourceVersionDate "2017.06.14"]
[SourceQuality "1"]
[WhiteTeam "le-tex Publishing Services Leipzig"]
[BlackTeam "SV Osram Berlin II"]
[WhiteTeamCountry "GER"]
[BlackTeamCountry "GER"]

1. e4 c6 2. d4 d5 3. e5 Bf5 4. Bd3 Bxd3 5. Qxd3 e6 6. Ne2 Nd7 7. O-O Rc8 8. f4
Ne7 9. Ng3 c5 10. c3 cxd4 11. cxd4 Qb6 12. Nd2 Nc6 13. Nf3 Be7 14. Bd2 O-O 15.
Kh1 Nb4 16. Qb3 Nc2 17. Qxb6 Nxb6 18. Rac1 Nb4 1/2-1/2

[Event "XVI. DBMM Schach"]
[Site "Dresden"]
[Date "2016.11.03"]
[Round "1.1"]
[White "Gohil, Harry"]
[Black "Koscielski, Janusz"]
[Result "0-1"]
[WhiteElo "2322"]
[BlackElo "2332"]
[Annotator "br"]
[PlyCount "100"]
[EventDate "2016.11.??"]
[SourceTitle "XVI. DBMM 2016"]
[Source "FV Schach e.V."]
[SourceDate "2017.06.14"]
[SourceVersion "1"]
[SourceVersionDate "2017.06.14"]
[SourceQuality "1"]
[WhiteTeam "Commerzbank Frankfurt"]
[BlackTeam "Ev. Kinderheim Herne und Wanne-Eickel"]
[WhiteTeamCountry "GER"]
[BlackTeamCountry "GER"]

1. d4 Nf6 2. Bg5 e6 3. e4 h6 4. Bxf6 Qxf6 5. c3 c5 6. Bc4 Nc6 7. Ne2 cxd4 8.
cxd4 Bb4+ 9. Nbc3 O-O 10. O-O Bxc3 11. bxc3 b6 12. f4 Bb7 13. Ng3 Rac8 14. Bd3
Qh4 15. f5 e5 16. f6 g6 17. d5 Na5 18. Rc1 d6 19. Nf5 gxf5 20. Rxf5 Kh7 21. g3
Rg8 22. Qe1 Rg5 23. Rf2 Rcg8 24. Rg2 Qh3 25. Bf1 Bc8 26. Rf2 Qh5 27. Be2 Qg6
28. Qf1 Nb7 29. Bd3 Nc5 30. Bc2 Ba6 31. c4 Bc8 32. Re1 Qh5 33. Re3 Bh3 34. Qc1
Qg4 35. Ra3 Qd7 36. Qb1 Qc7 37. Qb5 R5g6 38. Rff3 Rc8 39. Rf2 Nd7 40. Qb1 Rxf6
41. Raf3 Qc5 42. Qb3 Rg8 43. Rxf6 Nxf6 44. Qf3 Rg6 45. Bd3 Qd4 46. Bf1 Bxf1 47.
Kxf1 Qxc4+ 48. Kg1 Qxe4 49. Qxe4 Nxe4 50. Rxf7+ Rg7 0-1

[Event "XVI. DBMM Schach"]
[Site "Dresden"]
[Date "2016.11.03"]
[Round "1.2"]
[White "Heimsoth, Sven Holger"]
[Black "du Maire, Jerome"]
[Result "1-0"]
[WhiteElo "2157"]
[BlackElo "2170"]
[Annotator "br"]
[PlyCount "63"]
[EventDate "2016.11.??"]
[SourceTitle "XVI. DBMM 2016"]
[Source "FV Schach e.V."]
[SourceDate "2017.06.14"]
[SourceVersion "1"]
[SourceVersionDate "2017.06.14"]
[SourceQuality "1"]
[WhiteTeam "Ev. Kinderheim Herne und Wanne-Eickel"]
[BlackTeam "Commerzbank Frankfurt"]
[WhiteTeamCountry "GER"]
[BlackTeamCountry "GER"]

1. Nf3 d5 2. g3 Nf6 3. Bg2 e6 4. c4 Be7 5. b3 O-O 6. Bb2 c5 7. O-O Nc6 8. cxd5
Nxd5 9. d4 cxd4 10. Nxd4 Nxd4 11. Bxd4 b6 12. Nc3 Bb7 13. Nxd5 Bxd5 14. Bb2
Bxg2 15. Kxg2 Qc7 16. e3 Rfd8 17. Qf3 Rd5 18. Rac1 Qb7 19. Rc4 Rc8 20. Rfc1
Rxc4 21. Rxc4 Qd7 22. Rg4 Bf8 23. Bxg7 f5 24. Bh6+ Kh8 25. Rh4 Bxh6 26. Rxh6
Rd2 27. e4 Rd3 28. Qf4 Kg7 29. Qg5+ Kh8 30. Rf6 Qg7 31. Qh6 Rd8 32. Rxe6 1-0

[Event "XVI. DBMM Schach"]
[Site "Dresden"]
[Date "2016.11.03"]
[Round "1.3"]
[White "Hummel, Dennis"]
[Black "Leveikina, Jevgenija      ML"]
[Result "1/2-1/2"]
[WhiteElo "2029"]
[BlackElo "2116"]
[Annotator "br"]
[PlyCount "83"]
[EventDate "2016.11.??"]
[SourceTitle "XVI. DBMM 2016"]
[Source "FV Schach e.V."]
[SourceDate "2017.06.14"]
[SourceVersion "1"]
[SourceVersionDate "2017.06.14"]
[SourceQuality "1"]
[WhiteTeam "Commerzbank Frankfurt"]
[BlackTeam "Ev. Kinderheim Herne und Wanne-Eickel"]
[WhiteTeamCountry "GER"]
[BlackTeamCountry "GER"]

1. e4 c6 2. Nc3 d5 3. d3 dxe4 4. dxe4 Qxd1+ 5. Nxd1 g6 6. Bc4 Bg7 7. a4 Nd7 8.
Ne2 Nc5 9. f3 Be6 10. Ne3 Nf6 11. Ra3 Nfd7 12. b4 Bxc4 13. Nxc4 Ne6 14. Be3 O-O
15. Kf2 f5 16. Rd1 Nf6 17. exf5 gxf5 18. Na5 Nd5 19. c4 Nxb4 20. Rb3 f4 21.
Nxf4 Nxf4 22. Rxb4 Bc3 23. Rxb7 Bxa5 24. Rdd7 Ng6 25. h4 Rfd8 26. Rxa7 Rxa7 27.
Rxa7 Bd2 28. h5 Bxe3+ 29. Kxe3 Ne5 30. Rxe7 Nxc4+ 31. Kf4 Ra8 32. g4 $11 Rxa4
33. Kf5 Ra8 34. g5 Nd6+ 35. Ke6 Nb5 36. f4 Rf8 37. Ke5 c5 38. g6 hxg6 39. hxg6
Nd4 40. Rc7 Re8+ 41. Kf6 Rf8+ 42. Ke5 1/2-1/2

[Event "XVI. DBMM Schach"]
[Site "Dresden"]
[Date "2016.11.03"]
[Round "1.4"]
[White "Selmanaj, Agim"]
[Black "Fischer, Alexander"]
[Result "0-1"]
[WhiteElo "1643"]
[BlackElo "2038"]
[Annotator "br"]
[PlyCount "52"]
[EventDate "2016.11.??"]
[SourceTitle "XVI. DBMM 2016"]
[Source "FV Schach e.V."]
[SourceDate "2017.06.14"]
[SourceVersion "1"]
[SourceVersionDate "2017.06.14"]
[SourceQuality "1"]
[WhiteTeam "Ev. Kinderheim Herne und Wanne-Eickel"]
[BlackTeam "Commerzbank Frankfurt"]
[WhiteTeamCountry "GER"]
[BlackTeamCountry "GER"]

1. e4 c6 2. Bc4 d5 3. exd5 cxd5 4. Bb3 Nf6 5. d4 Bf5 6. c3 e6 7. Bc2 Bxc2 8.
Qxc2 Bd6 9. Bg5 Nbd7 10. Nf3 Qc7 11. Nbd2 O-O 12. Bh4 b5 13. O-O Rfc8 14. Bg3
b4 15. Rac1 bxc3 16. bxc3 Bxg3 17. fxg3 h6 18. Rfe1 Rab8 19. Ne5 Nxe5 20. Rxe5
Rb7 21. h3 Rcb8 22. g4 Rb2 23. Qd3 Rxa2 24. g5 hxg5 25. Rxg5 Qf4 26. Rb1 Rxb1+
0-1

[Event "XVI. DBMM Schach"]
[Site "Dresden"]
[Date "2016.11.03"]
[Round "1.1"]
[White "Choinowski, Gustav"]
[Black "Gottschalk, Jens"]
[Result "0-1"]
[WhiteElo "2088"]
[BlackElo "2282"]
[Annotator "br"]
[PlyCount "106"]
[EventDate "2016.11.??"]
[SourceTitle "XVI. DBMM 2016"]
[Source "FV Schach e.V."]
[SourceDate "2017.06.14"]
[SourceVersion "1"]
[SourceVersionDate "2017.06.14"]
[SourceQuality "1"]
[WhiteTeam "RAPID Unilever Hamburg"]
[BlackTeam "R + V Versicherung Wiesbaden"]
[WhiteTeamCountry "GER"]
[BlackTeamCountry "GER"]

1. d4 Nf6 2. c4 c5 3. d5 b5 4. cxb5 a6 5. b6 e6 6. Nc3 exd5 7. Nxd5 Nxd5 8.
Qxd5 Nc6 9. Nf3 Rb8 10. e3 Be7 11. Be2 Rxb6 12. O-O O-O 13. Rd1 d6 14. b3 Be6
15. Qd2 a5 16. Bb2 Qa8 17. e4 h6 18. Qf4 a4 19. Qg3 f6 20. Nh4 axb3 21. axb3
Qc8 22. Ra3 c4 23. Ng6 cxb3 24. Rb1 Qd8 25. Nxf8 Qxf8 26. Qe3 Qd8 27. Ra6 Rxa6
28. Bxa6 Ne5 29. f4 Ng4 30. Qd4 Qa5 31. Be2 h5 32. h3 Nh6 33. Bc4 Bxc4 34.
Qxc4+ Kh7 35. Qxb3 Qd2 36. Rf1 d5 37. exd5 Bc5+ 38. Kh1 Nf5 39. Bc1 Qxd5 40.
Qc2 Kh6 41. Rd1 Bd4 42. Kh2 h4 43. Qd3 Qe6 44. Bd2 g6 45. Re1 Qd6 46. Qf3 Bb6
47. Bc1 Qd4 48. Rd1 Qa4 49. Ba3 Bc7 50. Bc1 Bb6 51. Re1 Bc7 52. Qe4 Qxe4 53.
Rxe4 Ng3 0-1

[Event "XVI. DBMM Schach"]
[Site "Dresden"]
[Date "2016.11.03"]
[Round "1.2"]
[White "Seidler, Lukas"]
[Black "Neander, Swen"]
[Result "1-0"]
[WhiteElo "2196"]
[BlackElo "1992"]
[Annotator "br"]
[PlyCount "83"]
[EventDate "2016.11.??"]
[SourceTitle "XVI. DBMM 2016"]
[Source "FV Schach e.V."]
[SourceDate "2017.06.14"]
[SourceVersion "1"]
[SourceVersionDate "2017.06.14"]
[SourceQuality "1"]
[WhiteTeam "R + V Versicherung Wiesbaden"]
[BlackTeam "RAPID Unilever Hamburg"]
[WhiteTeamCountry "GER"]
[BlackTeamCountry "GER"]

1. e4 e6 2. d4 d5 3. Nc3 Bb4 4. e5 c5 5. a3 Bxc3+ 6. bxc3 Qa5 7. Bd2 Qa4 8. Qb1
c4 9. h4 Nc6 10. h5 h6 11. Nf3 Bd7 12. g3 O-O-O 13. Bh3 Nge7 14. O-O Rdf8 15.
Nh2 f6 16. exf6 Rxf6 17. Re1 Rhf8 18. Re2 Nf5 19. Bf4 g5 20. Be5 R6f7 21. Ng4
Be8 22. Qe1 Bd7 23. Qd2 Be8 24. Kh2 Qa5 25. Nxh6 Rh7 26. Nxf5 exf5 27. Bd6 Bxh5
28. Bxf8 Bxe2 29. Qxe2 Qd8 30. Qe6+ Qd7 31. Qg8 Nd8 32. Qxg5 f4 33. g4 Ne6 34.
Qg8 Kc7 35. Re1 Nxf8 36. Qxf8 Qxg4 37. Qc5+ Kd7 38. Qxd5+ Kc7 39. Re7+ Kb6 40.
Qd6+ Ka5 41. Re5+ Ka4 42. Qb4# 1-0

[Event "XVI. DBMM Schach"]
[Site "Dresden"]
[Date "2016.11.03"]
[Round "1.3"]
[White "Kolipost, Mirko"]
[Black "Werner, Gregor"]
[Result "0-1"]
[WhiteElo "1694"]
[BlackElo "2128"]
[Annotator "br"]
[PlyCount "56"]
[EventDate "2016.11.??"]
[SourceTitle "XVI. DBMM 2016"]
[Source "FV Schach e.V."]
[SourceDate "2017.06.14"]
[SourceVersion "1"]
[SourceVersionDate "2017.06.14"]
[SourceQuality "1"]
[WhiteTeam "RAPID Unilever Hamburg"]
[BlackTeam "R + V Versicherung Wiesbaden"]
[WhiteTeamCountry "GER"]
[BlackTeamCountry "GER"]

1. e4 e6 2. d4 d5 3. Nc3 Nf6 4. e5 Nfd7 5. Bd3 c5 6. Be3 cxd4 7. Bxd4 Nc6 8.
Bb5 a6 9. Bxc6 bxc6 10. f4 Rb8 11. Nge2 c5 12. Bf2 Rxb2 13. O-O Be7 14. Nc1 Rb8
15. Qh5 O-O 16. Nd3 f6 17. Bh4 c4 18. Nf2 fxe5 19. Bxe7 Qxe7 20. fxe5 Rf5 21.
Qh3 Nxe5 22. Rae1 Bd7 23. Nxd5 exd5 24. Qc3 Rbf8 25. h3 Qf6 26. Re2 Qg5 27. Qa3
d4 28. Ree1 Nf3+ 0-1

[Event "XVI. DBMM Schach"]
[Site "Dresden"]
[Date "2016.11.03"]
[Round "1.4"]
[White "Launert, Martin"]
[Black "Kazemi Sresht, Rashid"]
[Result "1-0"]
[WhiteElo "1880"]
[BlackElo "1743"]
[Annotator "br"]
[PlyCount "142"]
[EventDate "2016.11.??"]
[SourceTitle "XVI. DBMM 2016"]
[Source "FV Schach e.V."]
[SourceDate "2017.06.14"]
[SourceVersion "1"]
[SourceVersionDate "2017.06.14"]
[SourceQuality "1"]
[WhiteTeam "R + V Versicherung Wiesbaden"]
[BlackTeam "RAPID Unilever Hamburg"]
[WhiteTeamCountry "GER"]
[BlackTeamCountry "GER"]

1. e4 c5 2. Nf3 d6 3. d4 cxd4 4. Nxd4 Nf6 5. Nc3 a6 6. Be3 Nc6 7. Be2 e6 8. Qd2
Be7 9. f4 Bd7 10. O-O-O Qa5 11. g4 e5 12. Nb3 Qc7 13. g5 Ng4 14. Nd5 Qb8 15.
Bb6 Bd8 16. f5 Bxb6 17. Nxb6 Nf2 18. Nxa8 Nxh1 19. Rxh1 Qxa8 20. Qxd6 Qb8 21.
Qc5 b6 22. Qa3 a5 23. Rd1 Qc7 24. c3 Nb8 25. Nd2 b5 26. Kb1 Qb6 27. c4 b4 28.
Qd3 O-O 29. Nf1 a4 30. Ne3 a3 31. b3 Qc5 32. Rf1 Nc6 33. f6 Bh3 34. Rd1 Nd4 35.
Nd5 g6 36. Qxh3 Ne6 37. Qe3 Qxe3 38. Nxe3 Nxg5 39. Bd3 Nf3 40. Nd5 Rb8 41. Bf1
Nd4 42. Rd3 h5 43. Kc1 Kh7 44. Kd2 Rb7 45. Bh3 Rb8 46. Bd7 Rb7 47. Ba4 Ne6 48.
Bc6 Rb8 49. Ne3 Nc5 50. Rd6 Kh6 51. Bd5 Kg5 52. Rc6 Nd7 53. Bxf7 Nxf6 54. h4+
Kxh4 55. Rxf6 g5 56. Rh6 Rf8 57. Rxh5+ Kg3 58. Rh7 Rd8+ 59. Bd5 Rf8 60. Nf5+
Kf4 61. Rh1 g4 62. Rf1+ Kg5 63. Ke2 Rh8 64. Rf2 Rh1 65. Ne3 Ra1 66. Kd3 g3 67.
Rg2 Kh4 68. c5 Rb1 69. c6 Rc1 70. Rc2 Rh1 71. c7 Rh2 1-0

[Event "XVI. DBMM Schach"]
[Site "Dresden"]
[Date "2016.11.03"]
[Round "1.1"]
[White "Limbourg, Philipp"]
[Black "Brendemuehl, Bernd"]
[Result "1-0"]
[WhiteElo "2206"]
[BlackElo "1849"]
[Annotator "br"]
[PlyCount "161"]
[EventDate "2016.11.??"]
[SourceTitle "XVI. DBMM 2016"]
[Source "FV Schach e.V."]
[SourceDate "2017.06.14"]
[SourceVersion "1"]
[SourceVersionDate "2017.06.14"]
[SourceQuality "1"]
[WhiteTeam "RWE Essen"]
[BlackTeam "Europaeisches Patentamt Muenchen II"]
[WhiteTeamCountry "GER"]
[BlackTeamCountry "GER"]

1. e4 c5 2. Nc3 Nc6 3. f4 d6 4. Nf3 g6 5. Bb5 Bd7 6. Bc4 Bg7 7. O-O Nf6 8. e5
Nh5 9. exd6 O-O 10. dxe7 Qxe7 11. d3 Nd4 12. Re1 Nxf3+ 13. gxf3 Bd4+ 14. Kh1
Qh4 15. Ne4 Rae8 16. Be3 Bxe3 17. Rxe3 Nxf4 18. Qe1 Qh3 19. Qg3 Qf5 20. Nd6 Nh5
21. Nxf5 Nxg3+ 22. hxg3 gxf5 23. Rae1 Rxe3 24. Rxe3 Re8 $11 25. Rxe8+ Bxe8 26.
Bd5 b6 27. f4 Bd7 28. a3 Be6 29. Bc6 Kf8 30. Kg2 Ke7 31. Kf2 Kd6 32. Bf3 f6 33.
Ke3 Bd7 34. d4 Ba4 35. Kd3 Bb5+ 36. c4 Bd7 37. Bd5 Be8 38. b4 Bd7 39. dxc5+
bxc5 40. Bg8 h6 41. Bd5 Be8 42. Kc3 Bd7 43. Bg2 Be6 44. a4 Bd7 45. b5 Ke7 46.
a5 Be8 47. Bf3 Bf7 48. Be2 Be6 49. Bd3 Bc8 50. Kd2 Be6 51. Ke3 Bf7 52. Kf2 Kd7
53. Ke2 Kc7 54. Kd2 Be6 $11 55. Bf1 Bf7 56. Kc3 Be8 57. Bg2 Bh5 58. Bd5 Bg4 59.
Kb3 Bd1+ 60. Ka3 Bc2 61. Be6 Be4 62. Kb3 Bb1 63. Kc3 Be4 64. g4 Bf3 65. Bxf5
Be2 66. Be6 Bf1 67. Kd2 Bh3 68. Ke3 h5 69. Kf3 hxg4+ 70. Bxg4 Bf1 71. Be6 Bd3
72. Bd5 Bf5 73. Kg3 Bd7 74. Kh4 Be8 75. Kg4 Bg6 76. Be6 Bc2 77. Kh5 Bd3 78. Kh6
Kb7 79. Kg7 f5 80. Kf6 Kc7 81. Ke5 1-0

[Event "XVI. DBMM Schach"]
[Site "Dresden"]
[Date "2016.11.03"]
[Round "1.2"]
[White "Santos, Paulo"]
[Black "Eggenstein, Frank"]
[Result "1/2-1/2"]
[WhiteElo "1831"]
[BlackElo "2032"]
[Annotator "br"]
[PlyCount "46"]
[EventDate "2016.11.??"]
[SourceTitle "XVI. DBMM 2016"]
[Source "FV Schach e.V."]
[SourceDate "2017.06.14"]
[SourceVersion "1"]
[SourceVersionDate "2017.06.14"]
[SourceQuality "1"]
[WhiteTeam "Europaeisches Patentamt Muenchen II"]
[BlackTeam "RWE Essen"]
[WhiteTeamCountry "GER"]
[BlackTeamCountry "GER"]

1. e4 e6 2. d4 d5 3. Nd2 Be7 4. Bd3 Nf6 5. e5 Nfd7 6. Ne2 c5 7. c3 Nc6 8. O-O
Qb6 9. Nf3 cxd4 10. cxd4 O-O 11. Nc3 f6 12. exf6 Bxf6 13. Na4 Qd8 14. Re1 e5
15. dxe5 Ndxe5 16. Nxe5 Bxe5 17. Nc3 Bxh2+ 18. Kxh2 Qh4+ 19. Kg1 Qxf2+ 20. Kh2
Qh4+ 21. Kg1 Bg4 22. Be2 Qf2+ 23. Kh2 Qh4+ 1/2-1/2

[Event "XVI. DBMM Schach"]
[Site "Dresden"]
[Date "2016.11.03"]
[Round "1.3"]
[White "Broszeit, Peter"]
[Black "Achermann, Didier"]
[Result "1-0"]
[WhiteElo "1970"]
[BlackElo "1843"]
[Annotator "br"]
[PlyCount "61"]
[EventDate "2016.11.??"]
[SourceTitle "XVI. DBMM 2016"]
[Source "FV Schach e.V."]
[SourceDate "2017.06.14"]
[SourceVersion "1"]
[SourceVersionDate "2017.06.14"]
[SourceQuality "1"]
[WhiteTeam "RWE Essen"]
[BlackTeam "Europaeisches Patentamt Muenchen II"]
[WhiteTeamCountry "GER"]
[BlackTeamCountry "GER"]

1. e4 c5 2. Nf3 d6 3. Bb5+ Bd7 4. Bxd7+ Qxd7 5. O-O Nf6 6. Qe2 Nc6 7. c3 e6 8.
d4 cxd4 9. cxd4 Be7 10. Nc3 Qd8 11. d5 Ne5 12. Nxe5 dxe5 13. dxe6 fxe6 14. Qb5+
Qd7 15. Qxe5 O-O 16. Be3 Ng4 17. Qg3 Nxe3 18. Qxe3 Rfc8 19. Qe2 a6 20. g3 Bc5
21. Kg2 b5 22. a3 Qb7 23. Rfd1 Rc7 24. Rd3 Rac8 25. Rad1 Be7 26. Qg4 Qc6 27.
Ne2 Bf6 28. Rd6 Qc4 29. Rxe6 Bxb2 30. Red6 Bf6 31. Rxf6 1-0

[Event "XVI. DBMM Schach"]
[Site "Dresden"]
[Date "2016.11.03"]
[Round "1.4"]
[White "Junker, Carsten"]
[Black "Broksch, Dirk"]
[Result "0-1"]
[WhiteElo "1570"]
[BlackElo "1902"]
[Annotator "br"]
[PlyCount "67"]
[EventDate "2016.11.??"]
[SourceTitle "XVI. DBMM 2016"]
[Source "FV Schach e.V."]
[SourceDate "2017.06.14"]
[SourceVersion "1"]
[SourceVersionDate "2017.06.14"]
[SourceQuality "1"]
[WhiteTeam "Europaeisches Patentamt Muenchen II"]
[BlackTeam "RWE Essen"]
[WhiteTeamCountry "GER"]
[BlackTeamCountry "GER"]

1. a3 Nf6 2. d4 g6 3. Bg5 Bg7 4. Nf3 d6 5. e3 O-O 6. Bd3 c5 7. O-O Qb6 8. Nc3
Bg4 9. Bxf6 Bxf6 10. Nd5 Qd8 11. Nxf6+ exf6 12. h3 Be6 13. c4 Na6 14. Qa4 Qb6
15. b4 cxb4 16. Rfb1 Qc7 17. axb4 Bxc4 18. Rc1 d5 19. b5 Nc5 20. dxc5 Bxd3 21.
b6 axb6 22. Qxa8 Rxa8 23. Rxa8+ Kg7 24. Rd1 Bc4 25. cxb6 Qxb6 26. Nd4 Qc5 27.
Rb1 Ba6 28. g3 f5 29. Kg2 h5 30. Rb2 h4 31. gxh4 f4 32. Rc2 Qe7 33. Rac8 Qe4+
34. Nf3 0-1

[Event "XVI. DBMM Schach"]
[Site "Dresden"]
[Date "2016.11.03"]
[Round "1.1"]
[White "Hilbig, Olaf"]
[Black "Segerberg, Tomas"]
[Result "0-1"]
[WhiteElo "2167"]
[BlackElo "2075"]
[Annotator "br"]
[PlyCount "64"]
[EventDate "2016.11.??"]
[SourceTitle "XVI. DBMM 2016"]
[Source "FV Schach e.V."]
[SourceDate "2017.06.14"]
[SourceVersion "1"]
[SourceVersionDate "2017.06.14"]
[SourceQuality "1"]
[WhiteTeam "Commerzbank Frankfurt II"]
[BlackTeam "Europaeisches Patentamt Muenchen"]
[WhiteTeamCountry "GER"]
[BlackTeamCountry "GER"]

1. Nc3 d5 2. d4 c6 3. e4 e6 4. Nf3 Bb4 5. e5 b6 6. a3 Bxc3+ 7. bxc3 Ba6 8. Bxa6
Nxa6 9. Qd3 Nb8 10. O-O Qd7 11. a4 Ne7 12. Ba3 h6 13. h4 O-O 14. h5 Rc8 15. Nh4
c5 16. f4 Nf5 17. Nxf5 exf5 18. dxc5 bxc5 19. Rfd1 d4 20. cxd4 cxd4 21. Qxd4
Qxd4+ 22. Rxd4 Nc6 23. Rd7 Nd8 24. Rb1 Rxc2 25. Be7 Ne6 26. Rb4 a5 27. Rbb7
Nxf4 28. Bd6 Rxg2+ 29. Kf1 Rc8 30. Ba3 Rc3 31. Rd8+ Kh7 32. Rbb8 Rf3+ 0-1

[Event "XVI. DBMM Schach"]
[Site "Dresden"]
[Date "2016.11.03"]
[Round "1.2"]
[White "Heer, Stephan"]
[Black "Lutterbey, Ralf"]
[Result "0-1"]
[WhiteElo "2134"]
[BlackElo "1903"]
[Annotator "br"]
[PlyCount "62"]
[EventDate "2016.11.??"]
[SourceTitle "XVI. DBMM 2016"]
[Source "FV Schach e.V."]
[SourceDate "2017.06.14"]
[SourceVersion "1"]
[SourceVersionDate "2017.06.14"]
[SourceQuality "1"]
[WhiteTeam "Europaeisches Patentamt Muenchen"]
[BlackTeam "Commerzbank Frankfurt II"]
[WhiteTeamCountry "GER"]
[BlackTeamCountry "GER"]

1. Nf3 d5 2. g3 g6 3. Bg2 Bg7 4. O-O Nf6 5. d3 O-O 6. Nbd2 c5 7. e4 dxe4 8.
dxe4 Nc6 9. Qe2 e5 10. c3 Qe7 11. Nc4 Rd8 12. a4 Be6 13. Nfxe5 Nxe5 14. Nxe5
Nxe4 15. Nxg6 hxg6 16. Qxe4 Rd7 17. Re1 Rad8 18. Bf4 Qf8 19. Qc2 Bf5 20. Be4
Bg4 21. f3 Be6 22. Bxg6 c4 23. Kg2 Bh6 24. Bh7+ Kh8 25. Be5+ Bg7 26. Kh1 Bxe5
27. Rxe5 Qh6 28. Re4 Bd5 29. Rh4 Bxf3+ 30. Kg1 Qe3+ 31. Qf2 Rd1+ 0-1

[Event "XVI. DBMM Schach"]
[Site "Dresden"]
[Date "2016.11.03"]
[Round "1.3"]
[White "Brauer, Frank"]
[Black "Bohnhoff, Peter"]
[Result "0-1"]
[WhiteElo "1836"]
[BlackElo "2060"]
[Annotator "br"]
[PlyCount "28"]
[EventDate "2016.11.??"]
[SourceTitle "XVI. DBMM 2016"]
[Source "FV Schach e.V."]
[SourceDate "2017.06.14"]
[SourceVersion "1"]
[SourceVersionDate "2017.06.14"]
[SourceQuality "1"]
[WhiteTeam "Commerzbank Frankfurt II"]
[BlackTeam "Europaeisches Patentamt Muenchen"]
[WhiteTeamCountry "GER"]
[BlackTeamCountry "GER"]

1. e4 e5 2. Nf3 Nc6 3. Bb5 a6 4. Bxc6 dxc6 5. O-O Qd6 6. d4 exd4 7. Nxd4 Bd7 8.
Nc3 O-O-O 9. Be3 Qg6 10. Qf3 Bd6 11. Nf5 Be5 12. Bd4 Bxh2+ 13. Kxh2 Bxf5 14.
Bxg7 Bg4 0-1

[Event "XVI. DBMM Schach"]
[Site "Dresden"]
[Date "2016.11.03"]
[Round "1.4"]
[White "Jachs, Walter"]
[Black "Huebner, Detlef"]
[Result "1/2-1/2"]
[WhiteElo "1998"]
[BlackElo "1558"]
[Annotator "br"]
[PlyCount "41"]
[EventDate "2016.11.??"]
[SourceTitle "XVI. DBMM 2016"]
[Source "FV Schach e.V."]
[SourceDate "2017.06.14"]
[SourceVersion "1"]
[SourceVersionDate "2017.06.14"]
[SourceQuality "1"]
[WhiteTeam "Europaeisches Patentamt Muenchen"]
[BlackTeam "Commerzbank Frankfurt II"]
[WhiteTeamCountry "GER"]
[BlackTeamCountry "GER"]

1. e4 c6 2. d4 d5 3. exd5 cxd5 4. Bd3 Nf6 5. c3 Nc6 6. Bf4 e6 7. Nf3 Bd6 8.
Bxd6 Qxd6 9. Qe2 O-O 10. Ne5 h6 11. O-O Nh7 12. f4 f5 13. Nd2 Nxe5 14. fxe5 Qe7
15. g4 Bd7 16. gxf5 exf5 17. Kh1 Ng5 18. c4 Be6 19. c5 Ne4 20. Nxe4 fxe4 21.
Bc2 1/2-1/2

[Event "XVI. DBMM Schach"]
[Site "Dresden"]
[Date "2016.11.03"]
[Round "1.1"]
[White "Haasler, Andreas"]
[Black "Koerlin, Hans Juergen"]
[Result "1-0"]
[WhiteElo "2202"]
[BlackElo "1855"]
[Annotator "br"]
[PlyCount "43"]
[EventDate "2016.11.??"]
[SourceTitle "XVI. DBMM 2016"]
[Source "FV Schach e.V."]
[SourceDate "2017.06.14"]
[SourceVersion "1"]
[SourceVersionDate "2017.06.14"]
[SourceQuality "1"]
[WhiteTeam "Deutsche Bahn/BSW Frankfurt/M"]
[BlackTeam "BA Tempelhof Berlin II"]
[WhiteTeamCountry "GER"]
[BlackTeamCountry "GER"]

1. d4 Nf6 2. Bf4 d6 3. Nc3 Nbd7 4. Nf3 c5 5. e3 g6 6. h3 Bg7 7. Be2 O-O 8. O-O
a6 9. a4 b6 10. d5 Nh5 11. Bh2 f5 12. Ng5 Ndf6 13. Ra3 Bh6 14. Ne6 Bxe6 15.
dxe6 f4 16. exf4 Nxf4 17. Bc4 Qc8 18. Rb3 Qb7 19. Bxf4 Bxf4 20. Nd5 Ne4 21.
Rxb6 Qc8 22. Nxe7+ 1-0

[Event "XVI. DBMM Schach"]
[Site "Dresden"]
[Date "2016.11.03"]
[Round "1.2"]
[White "Schmidt, Joerg"]
[Black "Haenisch, Uwe"]
[Result "1/2-1/2"]
[WhiteElo "1736"]
[BlackElo "2195"]
[Annotator "br"]
[PlyCount "101"]
[EventDate "2016.11.??"]
[SourceTitle "XVI. DBMM 2016"]
[Source "FV Schach e.V."]
[SourceDate "2017.06.14"]
[SourceVersion "1"]
[SourceVersionDate "2017.06.14"]
[SourceQuality "1"]
[WhiteTeam "BA Tempelhof Berlin II"]
[BlackTeam "Deutsche Bahn/BSW Frankfurt/M"]
[WhiteTeamCountry "GER"]
[BlackTeamCountry "GER"]

1. e4 Nf6 2. Nc3 d5 3. exd5 Nxd5 4. Qf3 c6 5. Bc4 e6 6. Nge2 Bd6 7. d4 O-O 8.
Ne4 Bc7 9. c3 Nd7 10. Bg5 f6 11. Bh4 g5 12. Bg3 f5 13. Bxd5 exd5 14. Nxg5 Nf6
15. O-O Ng4 16. Bxc7 Qxc7 17. Qf4 Qe7 18. Rae1 h6 19. Nf3 Qe4 20. h3 Qxf4 21.
Nxf4 Nf6 22. Ne5 Bd7 23. Nxd7 Nxd7 24. Re7 Rf7 25. Rfe1 Nf6 26. f3 Rd8 27. Rxf7
Kxf7 28. Re5 Re8 29. Rxf5 Re1+ 30. Kf2 Rb1 31. Nd3 Rd1 32. Ke2 Ra1 33. a3 Ke6
34. Re5+ Kd6 35. Nf4 Kd7 36. Kd2 Rb1 37. Kc2 Rf1 38. Re2 b6 39. Nd3 Rh1 40.
Ne5+ Kc7 41. Ng4 Nh5 42. Nxh6 Nf4 43. Rf2 Rg1 44. g4 Nxh3 45. Rh2 Rg3 46. f4
Nxf4 47. Rf2 Ng2 48. Rf7+ Kc8 49. Kd2 Nh4 50. Ke2 a5 51. a4 1/2-1/2

[Event "XVI. DBMM Schach"]
[Site "Dresden"]
[Date "2016.11.03"]
[Round "1.3"]
[White "Kopp, Jan"]
[Black "Quast, Michael"]
[Result "1-0"]
[WhiteElo "2042"]
[BlackElo "1723"]
[Annotator "br"]
[PlyCount "57"]
[EventDate "2016.11.??"]
[SourceTitle "XVI. DBMM 2016"]
[Source "FV Schach e.V."]
[SourceDate "2017.06.14"]
[SourceVersion "1"]
[SourceVersionDate "2017.06.14"]
[SourceQuality "1"]
[WhiteTeam "Deutsche Bahn/BSW Frankfurt/M"]
[BlackTeam "BA Tempelhof Berlin II"]
[WhiteTeamCountry "GER"]
[BlackTeamCountry "GER"]

1. d4 b6 2. c4 e6 3. Nc3 Bb4 4. a3 Bxc3+ 5. bxc3 Bb7 6. Qc2 f5 7. f3 Nf6 8. Nh3
O-O 9. e3 Nc6 10. Bd3 Ne7 11. O-O Ng6 12. a4 h6 13. a5 a6 14. Nf2 Nh5 15. Rb1
Nh4 $11 16. e4 f4 17. Nh3 Rb8 18. axb6 cxb6 19. Ba3 Rf7 20. Qb3 Ba8 21. Bd6 Rb7
22. Ra1 b5 23. c5 Qf6 24. Rxa6 Qd8 25. Rfa1 Nxf3+ 26. gxf3 Qh4 27. Rxa8+ Kh7
28. Kg2 Nf6 29. e5+ 1-0